Building to Heal : New Architecture for Hospitals /

Na minha lista:
Detalhes bibliográficos
Outros Autores: Vollmer, Tanja C. (Editor), Lepik, Andres (Editor), Luksch, Lisa (Editor)
Formato: Livro
Idioma:inglês
Publicado em: München : Architekturmuseum der Technischen Universität München (TUM) : 2023
Edição:1. vydanie
Assuntos:
Tags: Adicionar Tag
Sem tags, seja o primeiro a adicionar uma tag!

MARC

LEADER 00000nam a22000003a 4500
001 0111693
003 SK-STU
005 20241009142445.3
007 ta
008 241009s ----xo-----e------000-0-----d
020 |a 978-3-9819240-9-1 
040 |a STU  |b slo 
041 0 |a eng 
044 |a gw 
100 1 |a Vollmer, Tanja C.  |4 edt 
245 1 0 |a Building to Heal :  |b New Architecture for Hospitals /  |c ed. Tanja C Vollmer ; ed. Andres Lepik, Lisa Luksch 
246 3 1 |p München 
250 |a 1. vydanie 
260 |a München :  |b Architekturmuseum der Technischen Universität München (TUM) :  |c 2023 
300 |a 272 s. 
650 0 7 |a zdravotnícke budovy 
650 0 7 |a nemocnice 
650 0 7 |a interiérový dizajn 
700 1 |a Lepik, Andres  |4 edt 
700 1 |a Luksch, Lisa  |4 edt 
996 |b 284AU10213  |c A* 13485/U  |l AA9190  |s P  |a 0  |w 0111693_0001